[Event "Verona Province-ch"]
[Site "Zevio Verona"]
[Date "2013.01.20"]
[Round "6"]
[White "Baldaccini, Franco"]
[Black "Brunelli, Flavio"]
[Result "1-0"]
[WhiteElo "1664"]
[BlackElo "1757"]
[PlyCount "67"]
[EventDate "2013.01.12"]
[EventType "swiss"]
[EventRounds "6"]
[EventCountry "ITA"]
[SourceTitle "EXT 2024"]
[Source "ChessBase"]
[SourceDate "2023.10.10"]
[SourceVersion "1"]
[SourceVersionDate "2023.10.10"]
[SourceQuality "1"]

1. e4 e6 2. d4 d5 3. exd5 exd5 4. Be2 Nf6 5. Nf3 Be7 6. 0-0 0-0 7. Ne5 Nbd7 8. f4 Ne4 9. Nd2 f5 10. Ndf3 Ndf6 11. Qe1 c5 12. c3 c4 13. Be3 Bd7 14. Nxd7 Nxd7 15. Ne5 Qc7 16. Bf3 Ndf6 17. Qe2 b5 18. a3 a5 19. Rfc1 b4 20. a4 bxc3 21. bxc3 Rab8 22. Qe1 Rb3 23. Bd1 Rb6 24. Bc2 Rfb8 25. h3 Rb2 26. Rab1 Rxb1 27. Rxb1 Rxb1 28. Bxb1 Qb7 29. Bxe4 Nxe4 30. Bd2 Bd6 31. Nf3 Qb3 32. Ng5 Qxa4 33. g4 Nxd2 34. Qe6+ 1-0

[Event "Basso Veronese op 5th"]
[Site "Casaleone"]
[Date "2012.05.??"]
[Round "1"]
[White "Negro, Roberto"]
[Black "Brunelli, Flavio"]
[Result "1-0"]
[WhiteElo "2087"]
[BlackElo "1758"]
[PlyCount "85"]
[EventDate "2012.05.19"]
[EventType "swiss"]
[EventRounds "6"]
[EventCountry "ITA"]
[SourceTitle "EXT 2014"]
[Source "ChessBase"]
[SourceDate "2013.11.20"]
[SourceVersion "1"]
[SourceVersionDate "2013.11.20"]
[SourceQuality "1"]

1. d4 d5 2. e3 e6 3. Nf3 Nf6 4. Bd3 c5 5. c3 Nc6 6. Nbd2 cxd4 7. exd4 Bd6 8. 0-0 Qc7 9. Re1 Bd7 10. Qe2 0-0-0 11. Ne5 Rdf8 12. Nf1 h5 13. a4 Bxe5 14. dxe5 Ng4 15. f4 f6 16. exf6 Qb6+ 17. Be3 Nxe3 18. Qxe3 Qxe3+ 19. Nxe3 Rxf6 20. g3 h4 21. Ng4 hxg3 22. Nxf6 gxh2+ 23. Kg2 gxf6 24. Rh1 e5 25. fxe5 fxe5 26. Rxh2 Rxh2+ 27. Kxh2 e4 28. Bb5 Ne5 29. Kg3 Kc7 30. Kf2 Kd6 31. Bxd7 Nxd7 32. Rh1 a5 33. Rh6+ Kc5 34. Rh7 Kd6 35. Ke3 Kc6 36. Kd4 Nb6 37. Rh6+ Kc7 38. b3 Nc8 39. Kxd5 e3 40. Re6 Kd7 41. Rxe3 b6 42. c4 Ne7+ 43. Rxe7+ 1-0

[Event "Trento op"]
[Site "Trento"]
[Date "2008.03.30"]
[Round "4"]
[White "Brunelli, Flavio"]
[Black "Bisaro, Andrea"]
[Result "1-0"]
[WhiteElo "1659"]
[BlackElo "1596"]
[PlyCount "123"]
[EventDate "2008.03.28"]
[EventType "swiss"]
[EventRounds "5"]
[EventCountry "ITA"]
[SourceTitle "EXT 2011"]
[Source "ChessBase"]
[SourceDate "2010.11.26"]
[SourceVersion "1"]
[SourceVersionDate "2010.11.26"]
[SourceQuality "1"]

1. e4 Nc6 2. Bc4 e6 3. Nf3 d5 4. exd5 exd5 5. Be2 Nf6 6. d4 Bb4+ 7. c3 Be7 8. 0-0 0-0 9. Qc2 Bg4 10. Bg5 Ne4 11. Bxe7 Nxe7 12. Re1 Ng6 13. Ne5 Bxe2 14. Rxe2 Nf4 15. Re1 Qg5 16. f3 Nf2 17. Ng4 Nxg4 18. fxg4 Qxg4 19. Na3 c6 20. Rf1 Rfe8 21. Rae1 Re2 22. Rxe2 Nxe2+ 23. Kh1 Re8 24. g3 Qh3 25. Rf3 Nxg3+ 26. Rxg3 Re1+ 27. Rg1 Qf3+ 28. Qg2 Qxg2+ 29. Kxg2 Re2+ 30. Kg3 Rxb2 31. Rg2 Rxg2+ 32. Kxg2 Kf8 33. Kf3 Ke7 34. Nc2 f5 35. Ne1 g5 36. Nd3 h6 37. Nc5 b6 38. Nd3 Ke6 39. a4 h5 40. Ne5 c5 41. Nc6 cxd4 42. Nxd4+ Kf6 43. Nc6 a6 44. Nb4 Ke5 45. Nxa6 g4+ 46. Ke2 f4 47. Nb8 Kd6 48. Na6 f3+ 49. Ke3 h4 50. Nb4 Kc5 51. Nd3+ Kc4 52. Ne5+ Kxc3 53. Nxg4 d4+ 54. Kxf3 d3 55. Ke3 d2 56. Ke2 Kc2 57. Nf2 h3 58. Nd1 Kc1 59. Ne3 Kb1 60. Kxd2 Kb2 61. Nc4+ Kb3 62. Nxb6 1-0

[Event "Trento op"]
[Site "Trento"]
[Date "2008.03.29"]
[Round "2"]
[White "Brunelli, Flavio"]
[Black "Forer, Erich"]
[Result "0-1"]
[WhiteElo "1659"]
[BlackElo "1482"]
[PlyCount "125"]
[EventDate "2008.03.28"]
[EventType "swiss"]
[EventRounds "5"]
[EventCountry "ITA"]
[SourceTitle "EXT 2011"]
[Source "ChessBase"]
[SourceDate "2010.11.26"]
[SourceVersion "1"]
[SourceVersionDate "2010.11.26"]
[SourceQuality "1"]

1. e4 d6 2. d4 Nf6 3. Nc3 e5 4. dxe5 dxe5 5. Qxd8+ Kxd8 6. Bg5 Be6 7. Nf3 Bd6 8. 0-0-0 Nbd7 9. Nb5 Ke7 10. Nxd6 cxd6 11. Nd2 Rhc8 12. b3 a5 13. Bc4 Nc5 14. Bxe6 fxe6 15. Nc4 Ncxe4 16. Bxf6+ gxf6 17. Rhe1 Nc3 18. Rd3 Nxa2+ 19. Kb2 Nb4 20. Rh3 Rh8 21. Rh6 Nd5 22. Nd2 b5 23. Re4 f5 24. Reh4 Nf6 25. h3 Rag8 26. g3 Rg7 27. c4 b4 28. c5 d5 29. Nf3 Rc8 30. Nxe5 Rxc5 31. Nd3 Rc7 32. Ne5 Kd6 33. Nd3 Ne4 34. g4 fxg4 35. hxg4 Rc3 36. Nf4 Ng5 37. Ne2 Rf3 38. Nd4 Rxf2+ 39. Kb1 Kd7 40. R6h5 Rd2 41. Nc2 Kd6 42. Ne3 Ke5 43. Rh1 Re2 44. Nc2 d4 45. Rd1 Re4 46. Ne1 Rxg4 47. Nf3+ Kd5 48. Nxd4 Rxd4 49. Rg1 h6 50. Rxh6 Kd6 51. Rh5 Rd5 52. Rh8 Ke5 53. Rh5 Kf5 54. Rh6 Rd3 55. Kb2 Rg6 56. Rh8 e5 57. Rf1+ Rf3 58. Rg1 e4 59. Ra8 e3 60. Rxa5+ Kf4 61. Rb5 Rf2+ 62. Kc1 Rc6+ 63. Kd1 0-1

[Event "Trento op"]
[Site "Trento"]
[Date "2008.03.28"]
[Round "1"]
[White "Busi, Piero"]
[Black "Brunelli, Flavio"]
[Result "0-1"]
[WhiteElo "1287"]
[BlackElo "1659"]
[PlyCount "50"]
[EventDate "2008.03.28"]
[EventType "swiss"]
[EventRounds "5"]
[EventCountry "ITA"]
[SourceTitle "EXT 2011"]
[Source "ChessBase"]
[SourceDate "2010.11.26"]
[SourceVersion "1"]
[SourceVersionDate "2010.11.26"]
[SourceQuality "1"]

1. e4 e6 2. d3 d5 3. Nd2 Bb4 4. a3 Ba5 5. Ngf3 Nc6 6. g3 dxe4 7. dxe4 Nf6 8. Bd3 0-0 9. 0-0 a6 10. e5 Bxd2 11. exf6 Bh6 12. fxg7 Bxg7 13. c3 Ne5 14. Nxe5 Bxe5 15. Bh6 Bg7 16. Qg4 Qf6 17. Bg5 Qe5 18. Bxh7+ Kxh7 19. Qh4+ Kg8 20. Rfe1 Qf5 21. Bf4 Bd7 22. b4 Bc6 23. Re3 Bf6 24. g4 Qd5 25. Qh3 Qh1# 0-1